000 00793cam a22002531 4500
001 g 01000265
003 DLC
005 20260227111251.0
008 790516m18921893gw b 000 0 ger
010 _ag 01000265
035 _a(OCoLC)4969501
040 _aDLC
_cNNR
_dDLC
042 _apremarc
050 0 0 _aHD1411
_b.B9
100 1 _aBuchenberger, Adolf,
_d1848-1904.
245 1 0 _aAgrarwesen und Agrarpolitik.
_cVon Adolf Buchenberger.
260 _aLeipzig,
_bC. F. Winter,
_c1892-1893.
300 _a2 v.
_c23 cm.
490 0 _aLehr-und-Handbuch der politischen Oekonomie. 3. Hauptabth., 2. Th.
504 _aBibliography at the beginning of each chapter.
650 0 _aAgriculture.
650 0 _aAgriculture
_xEconomic aspects.
650 0 _aAgricultural laws and legislation.
999 _c23430
_d23430